000 00753nam a2200289Ia 4500
005 20260324115516.0
008 008 260324s9999 xx 000 0 eng d
020 _a9781315116945
037 _aEBOOK
040 _aCRL
040 _beng
040 _cCRL
041 _2eng
041 _aeng
084 _qCRL
100 _aKris Bogaerts; Arnost Komarek; Emmanuel Lesaffre
_91154935
245 0 _aSurvival Analysis with Interval-Censored Data
245 2 _bA Practical Approach with Examples in R, SAS, and BUGS
260 _bTaylor and Francis
260 _c2017
365 _a
365 _b160
856 _uhttp://www.taylorfrancis.com/books/9781315116945
942 _cEBOOK
999 _c1745865
_d1745865